|
|
|
|
| LEADER |
01572pam a2200361 a 4500 |
| 001 |
AALProQuestebook000001 |
| 003 |
BD-DhAAL |
| 006 |
m||||||||d|||||||| |
| 007 |
cr|||||||||||| |
| 008 |
201103s9999\\\\xxuabf\fo\\j\\001\0\eng\d |
| 020 |
|
|
|a 9780996729345
|
| 020 |
|
|
|a 9781119724551 (e-book)
|
| 035 |
|
|
|a (MiAaPQ)EBC6236188
|
| 035 |
|
|
|a (Au-PeEL)EBL6236188
|
| 035 |
|
|
|a (OCoLC)1163361504
|
| 040 |
|
|
|a BD-DhAAL
|
| 050 |
|
|
|a HF5657.4
|b L397 2016
|
| 082 |
|
|
|a 658.15
|2 23
|
| 100 |
|
|
|a Lawson, Raef A.,
|d 1954-
|e author.
|9 40570
|
| 245 |
|
|
|a Management accounting case book
|h [electronic resource] :
|b cases from the IMA Educational Case Journal /
|c Raef A. Lawson.
|
| 264 |
|
|
|a [Place of publication not identified] :
|b Institute of Management Accountants,
|c c2016.
|
| 300 |
|
|
|a 1 online resource (247 pages)
|
| 500 |
|
|
|a <strong>Off-Campus Access:</strong> Athens ID and Password Required
|
| 500 |
|
|
|a <strong>On-Campus Access:</strong> No User ID or Password Required
|
| 506 |
|
|
|a Electronic access restricted to authorized BRAC University faculty, staff and students
|
| 538 |
|
|
|a Mode of access: Internet
|
| 650 |
|
|
|a Managerial accounting
|v Case studies.
|9 40571
|
| 655 |
|
|
|a Electronic books.
|2 Library of Congress
|
| 852 |
|
|
|a Ayesha Abed Library
|
| 856 |
|
|
|z Full text available on ProQuest
|u https://ebookcentral.proquest.com/lib/bracu/detail.action?docID=6236188
|
| 942 |
|
|
|2 ddc
|c EBK
|
| 999 |
|
|
|c 42332
|d 42332
|
| 952 |
|
|
|0 0
|1 0
|2 ddc
|4 0
|6 658_150000000000000_LAW
|7 0
|9 68228
|a BRACUL
|b BRACUL
|d 2020-11-03
|l 0
|o 658.15 LAW
|r 2020-11-03
|t 1
|w 2020-11-03
|y EBK
|